Statistics for NFL Football Team Logos Slideshow #1

Click here to take the quiz!

General Stats

  • This quiz has been taken 274 times
  • The average score is 14 of 15

Answer Stats

Teams% Correct
Buffalo Bills
98%
Chicago Bears
95%
Cleveland Browns
95%
Detroit Lions
95%
New York Giants
95%
Jacksonville Jaguars
94%
Washington Football Team
94%
Dallas Cowboys
93%
New England Patriots
93%
San Francisco 49ers
93%
Denver Broncos
92%
Los Angeles Chargers
92%
Tennessee Titans
92%
Las Vegas Raiders
91%
Los Angeles Rams
91%

Score Distribution

Percentile by Number Answered

Percent of People with Each Score

Your Score History

You have not taken this quiz